Normal view
MARC view
- ASHA THOMAS
Entry Personal Name
001 - CONTROL NUMBER
- control field: 3816
003 - CONTROL NUMBER IDENTIFIER
- control field: OSt
005 - DATE AND TIME OF LATEST TRANSACTION
- control field: 20181030133718.0
008 - FIXED-LENGTH DATA ELEMENTS
- fixed length control field: 181030|| aca||aabn | a|a d
040 ## - CATALOGING SOURCE
- Original cataloging agency: OSt
- Transcribing agency: OSt
100 ## - HEADING--PERSONAL NAME
- Personal name: ASHA THOMAS
670 ## - SOURCE DATA FOUND
- Source citation: Work cat.: (OSt)14977: ASHA THOMAS DEEPTHY K.R SUSHA LEKSHMI S.U, Modified atmospheric packaging of fried bitter gourd
